000 00495cam a2200193ua 4500
020 _a0 7131 2910 7
_cE 5.75
041 _aeng
_h
082 _a551.02462
_bBLY/GE
100 _aBlyth, F G H .
245 _aGeology for engineers /
_cF G H Blyth.
_hTextual Documents
250 _a7 /
_b.
260 _aLondon :
_bEdward arnold publishers ltd ,
_c1985.
300 _a ; .
365 _aE 5.75
504 _a
700 1 _aDefreitas, M H .
942 _cBK
999 _c3215
_d3215